<?xml version="1.0" encoding="UTF-8"?>
<record
    xmlns:xsi="http://www.w3.org/2001/XMLSchema-instance"
    xsi:schemaLocation="http://www.loc.gov/MARC21/slim http://www.loc.gov/standards/marcxml/schema/MARC21slim.xsd"
    xmlns="http://www.loc.gov/MARC21/slim">

  <leader>03977cam a22003258i 4500</leader>
  <controlfield tag="001">20707443</controlfield>
  <controlfield tag="005">20230715140528.0</controlfield>
  <controlfield tag="008">181015s2019    nyu           001 0 eng c</controlfield>
  <datafield tag="010" ind1=" " ind2=" ">
    <subfield code="a">  2018049132</subfield>
  </datafield>
  <datafield tag="020" ind1=" " ind2=" ">
    <subfield code="a">9781138713864 (hardback)</subfield>
  </datafield>
  <datafield tag="020" ind1=" " ind2=" ">
    <subfield code="a">9781315229546 (ebook)</subfield>
  </datafield>
  <datafield tag="040" ind1=" " ind2=" ">
    <subfield code="a">IEN/DLC</subfield>
    <subfield code="b">eng</subfield>
    <subfield code="e">rda</subfield>
    <subfield code="c">IEN</subfield>
    <subfield code="d">DLC</subfield>
  </datafield>
  <datafield tag="042" ind1=" " ind2=" ">
    <subfield code="a">pcc</subfield>
  </datafield>
  <datafield tag="043" ind1=" " ind2=" ">
    <subfield code="a">f------</subfield>
  </datafield>
  <datafield tag="050" ind1="0" ind2="0">
    <subfield code="a">PR 9340.R68 2019</subfield>
  </datafield>
  <datafield tag="082" ind1="0" ind2="4">
    <subfield code="a">820.996</subfield>
    <subfield code="2">23</subfield>
  </datafield>
  <datafield tag="245" ind1="0" ind2="0">
    <subfield code="a">Routledge handbook of African literature /</subfield>
    <subfield code="c">edited by Moradewun Adejunmobi and Carli Coetzee.</subfield>
  </datafield>
  <datafield tag="263" ind1=" " ind2=" ">
    <subfield code="a">1903</subfield>
  </datafield>
  <datafield tag="300" ind1=" " ind2=" ">
    <subfield code="a">pages cm</subfield>
  </datafield>
  <datafield tag="500" ind1=" " ind2=" ">
    <subfield code="a">Includes index.</subfield>
  </datafield>
  <datafield tag="505" ind1="0" ind2="0">
    <subfield code="t">Introduction /</subfield>
    <subfield code="r">Moradewun Adejunmobi and Carli Coetzee --</subfield>
    <subfield code="g">Mapping political agencies --</subfield>
    <subfield code="t">Children of the Cold War: rethinking African literary generations through the global conflict /</subfield>
    <subfield code="r">Monica Popescu --</subfield>
    <subfield code="t">Ethics and the politics of the ordinary in African literature /</subfield>
    <subfield code="r">Chielozona Eze --</subfield>
    <subfield code="t">Globalisation, mobility and labour in diasporic African fiction /</subfield>
    <subfield code="r">Anna-Leena Toivanen --</subfield>
    <subfield code="t">Towards an ethics of the humanitarian imagination /</subfield>
    <subfield code="r">Allison Mackey --</subfield>
    <subfield code="g">Journeys, geographies, identities --</subfield>
    <subfield code="t">Decolonising the Afropolitan: intra-African migrations in post-2000 literature /</subfield>
    <subfield code="r">Rebecca Fasselt --</subfield>
    <subfield code="t">History, imperial eyes and the "mutual gaze": narratives of African-Chinese encounters in recent literary works /</subfield>
    <subfield code="r">Ying Cheng --</subfield>
    <subfield code="t">Ethnicity in post-2000 African writing /</subfield>
    <subfield code="r">Agogho Akpome --</subfield>
    <subfield code="t">Mythopoesis of the self: nation, textuality and writer as political hero /</subfield>
    <subfield code="r">Rotimi Fasan --</subfield>
    <subfield code="g">Working through genre --</subfield>
    <subfield code="t">How to be a writer in your 30s in Lagos: self-help literature and the creation of authority in Africa /</subfield>
    <subfield code="r">Rebecca Jones --</subfield>
    <subfield code="t">Gothic supernaturalism in the "African imagination": locating an emerging form /</subfield>
    <subfield code="r">Rebecca Duncan --</subfield>
    <subfield code="t">Contested filial voice in African female-authored autobiographies /</subfield>
    <subfield code="r">Marciana Were --</subfield>
    <subfield code="t">"I can't go forward, I must go back:" Ben Okri's (p)anachronistic utopias /</subfield>
    <subfield code="r">Ian MacDonald --</subfield>
    <subfield code="g">The world of and beyond humans --</subfield>
    <subfield code="t">African literature, audience, and the search for the (non)human /</subfield>
    <subfield code="r">Cajetan Iheka --</subfield>
    <subfield code="t">Dirty ecology: African women and the ethics of cultivation /</subfield>
    <subfield code="r">Sarah Lincoln --</subfield>
    <subfield code="t">African fictions, animal figures, and anthropocentric frameworks /</subfield>
    <subfield code="r">Jesse Arsenault --</subfield>
    <subfield code="t">Depictions of Kenyan lands and landscapes by four women writers /</subfield>
    <subfield code="r">Ng'ang'a Muchiri --</subfield>
    <subfield code="g">Everyday sociality --</subfield>
    <subfield code="t">Geopolitical and global topologies in fiction: Islam at the fault lines and the world /</subfield>
    <subfield code="r">Shirin Edwin --</subfield>
    <subfield code="t">Appetite and everyday life in African literature /</subfield>
    <subfield code="r">Delores B Phillips --</subfield>
    <subfield code="t">Foundational fictions: variations of the marriage plot in Flora Nwapa's early anglophone-Igbo novels /</subfield>
    <subfield code="r">Fiona Moolla --</subfield>
    <subfield code="t">Drinking scenes: alcohol in the francophone African novel /</subfield>
    <subfield code="r">Pim Higginson --</subfield>
    <subfield code="g">Bodies, subjectivities, affect --</subfield>
    <subfield code="t">Desire and freedom in Yvonne Vera's fiction /</subfield>
    <subfield code="r">Grace Musila --</subfield>
    <subfield code="t">The forms of shame and African literature /</subfield>
    <subfield code="r">Naminata Diabate --</subfield>
    <subfield code="t">Scattered testimony: locating the Rwandan genocide in transnational witnessing /</subfield>
    <subfield code="r">Martina Kopf --</subfield>
    <subfield code="t">Contestations through same-sex desire in Jennifer Nansubuga Makumbi's Kintu /</subfield>
    <subfield code="r">Edgar Nabutanyi --</subfield>
    <subfield code="g">Literary networks --</subfield>
    <subfield code="t">The story club: literary networks offline /</subfield>
    <subfield code="r">Stephanie Bosch Santana --</subfield>
    <subfield code="t">Languages and prizes: expanding literary boundaries /</subfield>
    <subfield code="r">Doseline Kiguru --</subfield>
    <subfield code="t">Publishers' networks and the making of 21st century African literature in English /</subfield>
    <subfield code="r">Kate Wallis --</subfield>
    <subfield code="t">Literary networks in the Horn of Africa: Oromo and Amharic intellectual histories /</subfield>
    <subfield code="r">Sara Marzagora and Ayele Kebede.</subfield>
  </datafield>
  <datafield tag="650" ind1=" " ind2="0">
    <subfield code="a">African literature</subfield>
    <subfield code="y">21st century</subfield>
    <subfield code="x">History and criticism.</subfield>
  </datafield>
  <datafield tag="650" ind1=" " ind2="0">
    <subfield code="a">African literature</subfield>
    <subfield code="y">20th century</subfield>
    <subfield code="x">History and criticism.</subfield>
  </datafield>
  <datafield tag="700" ind1="1" ind2=" ">
    <subfield code="a">Adejunmobi, Moradewun,</subfield>
    <subfield code="d">1959-</subfield>
    <subfield code="e">editor.</subfield>
  </datafield>
  <datafield tag="700" ind1="1" ind2=" ">
    <subfield code="a">Coetzee, Carli,</subfield>
    <subfield code="e">editor.</subfield>
  </datafield>
  <datafield tag="776" ind1="0" ind2="8">
    <subfield code="i">Online version:</subfield>
    <subfield code="t">Routledge handbook of African literature</subfield>
    <subfield code="d">New York : Routledge, 2019</subfield>
    <subfield code="z">9781315229546</subfield>
    <subfield code="w">(DLC) 2018050654</subfield>
  </datafield>
  <datafield tag="906" ind1=" " ind2=" ">
    <subfield code="a">7</subfield>
    <subfield code="b">cbc</subfield>
    <subfield code="c">orignew</subfield>
    <subfield code="d">1</subfield>
    <subfield code="e">ecip</subfield>
    <subfield code="f">20</subfield>
    <subfield code="g">y-gencatlg</subfield>
  </datafield>
  <datafield tag="942" ind1=" " ind2=" ">
    <subfield code="2">lcc</subfield>
    <subfield code="c">BOOKS</subfield>
    <subfield code="h">PR 9340.R68 2019</subfield>
  </datafield>
  <datafield tag="999" ind1=" " ind2=" ">
    <subfield code="c">31672</subfield>
    <subfield code="d">31672</subfield>
  </datafield>
  <datafield tag="952" ind1=" " ind2=" ">
    <subfield code="0">0</subfield>
    <subfield code="1">0</subfield>
    <subfield code="2">lcc</subfield>
    <subfield code="4">0</subfield>
    <subfield code="7">0</subfield>
    <subfield code="a">MUC</subfield>
    <subfield code="b">MUC</subfield>
    <subfield code="c">GEN</subfield>
    <subfield code="d">2023-07-15</subfield>
    <subfield code="e">Donation (falcon books)</subfield>
    <subfield code="l">2</subfield>
    <subfield code="o">PR 9340.R68 2019</subfield>
    <subfield code="p">39434</subfield>
    <subfield code="r">2026-01-30</subfield>
    <subfield code="s">2026-01-12</subfield>
    <subfield code="w">2023-07-15</subfield>
    <subfield code="y">BOOKS</subfield>
  </datafield>
</record>
